00333nam a2200133Ia 4500003000400000005001700004008004100021020002400062040002700086100001300113245004200126260002200168260000900190OSt20240217101856.0170524s9999 xx 000 0 und d a ‎ 978-0195656541 cIIMT UNIVERSITY MEERUT aSingh RP 3aAn Anthology of English Short Stories bOxford University c2007